00556 2200181 4500001002100000005001500021008004100036020001800077035001900095041000700114082001000121090001600131100001900147245010300166260004000269300003600309650002900345INLIS00000000000543520241224113111241224||||||||| | ||| |||| || |  a602-7819-14-6 0010-1224005435 aid0 a635.2 a635.2 REN k0 aRENY RAHMAWATI00aKeampuhan Bawang Putih Tunggal (Bawang Lanang): Mengobati Berbagai Penyakit dan Tehnik Budidayanya aYogyakartabPUSTAKA BARU PRESc2012 a20x14 cm, xiv, 170 hlm.; ilus.: 0aBudidaya -- Tanaman Obat